अपभंश कथाकाव्य एवं हिन्दी प्रमाख्यानक (Record no. 100438)

MARC details
000 -LEADER
fixed length control field 00934nam a2200253Ia 4500
003 - CONTROL NUMBER IDENTIFIER
control field OSt
005 - DATE AND TIME OF LATEST TRANSACTION
control field 20220916110903.0
008 - FIXED-LENGTH DATA ELEMENTS--GENERAL INFORMATION
fixed length control field 220915b |||||||| |||| 00| 0 hin d
037 ## - SOURCE OF ACQUISITION
Terms of availability Textbook
040 ## - CATALOGING SOURCE
Language of cataloging hin
Original cataloging agency ARTS
Transcribing agency ARTS
041 ## - LANGUAGE CODE
Language code of text/sound track or separate title hin
100 ## - MAIN ENTRY--PERSONAL NAME
Personal name जैन, प्रेमचन्द्र
245 #0 - TITLE STATEMENT
Title अपभंश कथाकाव्य एवं हिन्दी प्रमाख्यानक
246 ## - VARYING FORM OF TITLE
Title proper/short title Apabhansha kathākāvya evan hindī pramākhyānaka
260 ## - PUBLICATION, DISTRIBUTION, ETC.
Place of publication, distribution, etc. अमृतसर
Name of publisher, distributor, etc. जैनधर्म प्रचारक समिति प्रका0 भारत
Date of publication, distribution, etc. 1973
300 ## - PHYSICAL DESCRIPTION
Extent 366 पृ0
Dimensions cm.
650 ## - SUBJECT ADDED ENTRY--TOPICAL TERM
Topical term or geographic name entry element हिन्दी साहित्य
942 ## - ADDED ENTRY ELEMENTS (KOHA)
Classification part O152,1vL, L3
Koha item type Textbook
Source of classification or shelving scheme Colon Classification (CC)
Holdings
Withdrawn status Lost status Damaged status Not for loan Home library Current library Date acquired Total Checkouts Full call number Barcode Date last seen Price effective from Koha item type
        Arts Library Arts Library 2022-09-16   O152,1vL L3 AL0565232 2022-09-16 2022-09-16 Textbook
Copyright @ Delhi University Library System